Statistics for Animatic Battle Characters

Click here to take the quiz!

General Stats

  • This quiz has been taken 96 times
  • The average score is 44 of 65

Answer Stats

Papaya% Correct
Do
90%
Acid
88%
Animatic
86%
Don't
84%
Meatball
84%
MiniDisky
82%
Popcorn
82%
Juice Box
78%
Nonagon
78%
Pea
76%
Tea
76%
Doorframe
75%
jej
75%
Printer
75%
Red Sticky Hand
75%
Season 17
75%
Sticky
75%
Exclamation Mark
73%
Landscape
73%
Sip-A-Bowl
73%
Bouquet
71%
Iced Coffee
71%
Notepad
71%
Silly Straw
71%
⏏️
69%
Bowling Ball
69%
Golden Apple
69%
Raid
69%
Share
69%
Bob-Omb
67%
Bush in a Pot
67%
Cane's Cup
67%
Cheez-It
67%
Crazy Food
67%
Eyepatch
67%
Flashlight
67%
Mushroom
67%
Rainbow Assortment
67%
Squirt Gun
67%
Tiery
67%
B Block
65%
Danger Sign
65%
Demon Core
65%
Hives
65%
Nebula Void
65%
Shifty
65%
TOMATER
65%
Weathery
65%
Doorstopper
63%
Nacho
63%
Oils Paint
61%
Pancake Batter
61%
SPAS-12
61%
Yoshi Egg
61%
Bioluminescenty
59%
Chocolate Milk Carton
59%
Slop
59%
Buddy Cut Boy
57%
Eggnog Jr.
57%
Shattered Ornament
57%
Shoe
57%
Peppermint
55%
School ID
55%
Clay Brick
53%
Dioptase
53%

Score Distribution

Percentile by Number Answered

Percent of People with Each Score

Your Score History

You have not taken this quiz